00506nam a2200133Ia 4500008004100000100003500041245008000076245006100156260005300217260001800270300000800288650001500296856006100311170221s9999 xx 000 0 und d aNatalya Stepanovna Martyshenko aDetermining the prospects for car rental market in Primorsky Krai (Russia)  cNatalya Stepanovna Martyshenko, Oksana Yuryevna Vinichuk bInternational Review of Management and Marketing cDecember 2015 a7:2 xMarketing. uhttp://www.econjournals.com/index.php/irmm/issue/view/72